000 00705nam a2200241Ia 4500
008 191130s2004##################000#0#eng##
020 _a9780262693431
022 _a2004053094
040 _aACL
_cACL
082 _a338.064 SUZ
100 _aScotchmer, Suzanne
245 _aInnovation and incentives
_cSuzanne Scotchmer
260 _aCambridge, MA
_bMIT Press
_cc2004
300 _axi, 357 p. : ill. ; 24 cm
500 _aIncludes bibliographical references and index
650 _aIntellectual property
650 _aResearch
650 _aResearch - Economic aspects
650 _aResearch - Finance
990 _a51fb89a7ac10000c3d8fc8332dbf4aba
991 _a168542
999 _c215451
_d215451